Tulsidas : (Record no. 9967)

MARC details
000 -LEADER
fixed length control field 00487cam a2200181ua 4500
001 - CONTROL NUMBER
control field 11104
005 - DATE AND TIME OF LATEST TRANSACTION
control field 20260515114715.0
008 - FIXED-LENGTH DATA ELEMENTS--GENERAL INFORMATION
fixed length control field 190808n ii |||gr||||Z||||||hin
040 ## - CATALOGING SOURCE
Transcribing agency MAIN
041 ## - LANGUAGE CODE
Language code of text/sound track or separate title hin
082 ## - DEWEY DECIMAL CLASSIFICATION NUMBER
Classification number 891.43
100 ## - MAIN ENTRY--PERSONAL NAME
Personal name Trilokinath Sribastab,
Relator term Editor.
245 ## - TITLE STATEMENT
Title Tulsidas :
Remainder of title ek bishesh adhyayan /
Statement of responsibility, etc. By Trilokinath Sribastab .
260 ## - PUBLICATION, DISTRIBUTION, ETC.
Place of publication, distribution, etc. Agra:
Name of publisher, distributor, etc. Haris prakashan mandir.
653 ## - INDEX TERM--UNCONTROLLED
Uncontrolled term Hindi literature
700 ## - ADDED ENTRY--PERSONAL NAME
Personal name Ganga Sahay Premi,
Relator term Editor.
942 ## - ADDED ENTRY ELEMENTS (KOHA)
Koha item type Books
Holdings
Withdrawn status Lost status Damaged status Not for loan Home library Current library Shelving location Date acquired Total checkouts Full call number Barcode Date last seen Date last checked out Copy number Price effective from Koha item type
        Naharkatiya College Library Naharkatiya College Library General stacks 09/19/2020 2 891.43 | SRI 6952 05/26/2023 04/24/2023 1 09/19/2020 Books